000 00383nam a2200133Ia 4500
008 220217s9999||||xx |||||||||||||| ||und||
020 _a81-219-0926-0
082 _a001 AGG
100 _aAggarwal, R.S
245 0 _aQuantitative aptitude: for competitive examinations
260 _aS. chand and company
_bNew Delhi
_c2004
300 _b175
650 _aEXAM BOOKS/GRE/CAT/GATE
999 _c173149
_d173149